Harrison Ford Filmography - Statistics

General Stats
  • This quiz has been taken 1,226 times
    205 since last reset
  • The average score is 23 of 117
Answer Stats
Type Year Name % Correct
Film 1977 Star Wars: Episode IV - A New Hope
98%
Film 1980 Star Wars: Episode V - The Empire Strikes Back
89%
Film 1981 Indiana Jones and the Raiders of the Lost Ark
88%
Film 1983 Star Wars: Episode VI - Return of the Jedi
88%
Film 1984 Indiana Jones and the Temple of Doom
85%
Film 1989 Indiana Jones and the Last Crusade
82%
Film 2015 Star Wars: Episode VII - The Force Awakens
77%
Film 2008 Indiana Jones and the Kingdom of the Crystal Skull
74%
Film 1997 Air Force One
69%
Film 1982 Blade Runner
69%
Video Game 2016 Lego Star Wars: The Force Awakens
67%
Film 2023 Indiana Jones and the Dial of Destiny
65%
Film 1993 The Fugitive
65%
Film 2019 Star Wars: The Rise of Skywalker
56%
Film 1985 Witness
54%
Film 2017 Blade Runner 2049
53%
Film 1979 Apocalypse Now
51%
Film 1973 American Graffiti
50%
Film 1992 Patriot Games
45%
Film 1988 Working Girl
39%
Film 1994 Clear and Present Danger
38%
Film 2025 Captain America: Brave New World
35%
Film 1986 The Mosquito Coast
34%
Film 2011 Cowboys & Aliens
32%
Web Series 2023-Present Shrinking
32%
Film 2000 What Lies Beneath
31%
Film 1991 Regarding Henry
29%
Film 1995 Sabrina
29%
Film 2020 The Call of the Wild
29%
TV Special 1978 Star Wars Holiday Special
28%
Film 2013 42
27%
Film 1998 Six Days, Seven Nights
27%
Film 1988 Frantic
26%
Film 1990 Presumed Innocent
25%
Web Series 2022-2025 1923
23%
Film 2013 Ender's Game
23%
Film 1974 The Conversation
23%
Film 2010 Morning Glory
20%
Film 2013 Anchorman 2: The Legend Continues
19%
Film 2003 Hollywood Homicide
19%
Film 2002 K-19: The Widowmaker
19%
Film 1979 More American Graffiti
19%
Film 2015 The Age of Adaline
18%
Film 1997 The Devil's Own
18%
Film 2014 The Expendables 3
18%
Film 2006 Firewall
15%
Film 2019 The Secret Life of Pets 2
15%
Film 1999 Random Hearts
14%
Film 1978 Force 10 from Navarone
13%
Film 1979 The Frisco Kid
11%
Film 2009 Crossing Over
10%
Film 2010 Extraordinary Measures
10%
TV Show 1972, 1973 Gunsmoke
10%
Film 1979 Hanover Street
10%
Film 2009 Brüno
9%
Film 2013 Paranoia
8%
TV Show 1993 The Young Indiana Jones Chronicles
8%
TV Film 1976 Dynasty
7%
Film 1967 A Time for Killing
6%
Film 1966 Dead Heat on a Merry-Go-Round
6%
Film 1970 Getting Straight
6%
Film 1977 Heroes
6%
TV Show 1967 Ironside
6%
Documentary 2017 Spielberg
6%
TV Show 1969 The F.B.I.
6%
TV Film 1977 The Possessed
6%
Documentary 2019 Armstrong
5%
TV Show 1971 Dan August
5%
Documentary Series 1997 Frontline
5%
Film 1994 Jimmy Hollywood
5%
Film 1968 Journey to Shiloh
5%
TV Show 1974 Kung Fu
5%
TV Show 1969 Love, American Style
5%
Film 1967 Luv
5%
TV Show 1969 My Friend Tony
5%
Documentary Series 2014 Nature Is Speaking
5%
TV Show 1974 Petrocelli
5%
TV Film 1970 The Intruders
5%
TV Show 1967 The Virginian
5%
Documentary 2007 Dalai Lama Renaissance
4%
Documentary 2014 Flying the Feathered Edge: The Bob Hoover Project
4%
Documentary 2015 Living in the Age of Airplanes
4%
Documentary 2023 Timeless Heroes: Indiana Jones and Harrison Ford
4%
Documentary 2017 Toxic Puzzle - Hunt for the Hidden Killer
4%
Film 1970 Zabriskie Point
4%
Documentary 2017 Joan Didion: The Center Will Not Hold
3%
TV Film 1975 Judgement: The Court Martial of Lieutenant William Calley
2%
TV Show 1968 The Mod Squad
2%
Commercial 2000 EarthShare
1%
Short Documentary 1995 Everyman
1%
TV Documentary 1981 Great Movie Stunts: Raiders of the Lost Ark
1%
TV Documentary 2002 Harrison Ford: Just Another Pilot
1%
TV Documentary 1999 Jane Goodall: Reason for Hope
1%
Commercial 1999, 2000 Lancia Lybra
1%
Short Documentary 2001 Lost Worlds: Life in the Balance
1%
Documentary Series 2008 NOVA
1%
Commercial 2006 Super Bowl XL on ABC
1%
Audio CD 1998 The Emperor's New Clothes: An All-Star Illustrated Retelling of the Classic Fairy Tale
1%
Commercial 2011 Uncharted 3: Drake's Deception
1%
TV Special 2000 AFI Life Achievement Award: A Tribute to Harrison Ford
0%
TV Special 2001 AFI's 100 Years... 100 Thrills: America's Most Heart-Pounding Movies
0%
Commercial 2019 Amazon
0%
TV Documentary 2010 Brace for Impact: The Chesley B. Sullenberger Story
0%
TV Show 1981 Clapper Board
0%
Commercial 2003 Conversation International
0%
Documentary 2014 Dalai Lama Awakening
0%
TV Documentary 2017 Die Harrison Ford Story
0%
Documentary 1998 For Everyone, Everywhere: The Making of the Universal Declaration of Human Rights
0%
TV Show 2025 Great Performances
0%
Documentary 2023 Harrison Ford: Hollywood Hero
0%
Short Film 2015 Harrison Ford Surprises Star Wars Fans
0%
TV Documentary 1998 Harrison Ford: The Reluctant Hero
0%
TV Documentary 1994 Mustang: The Hidden Kingdom
0%
TV Special 1999 People Profiles: Harrison Ford
0%
Short Film 1977 Star Wars Screen Test - Mark Hamill and Harrison Ford
0%
Documentary 2023 The Making of Indiana Jones and the Dial of Destiny
0%
Short Documentary 2002 The Search for Life: Are We Alone?
0%
No matching quizzes found
Score Distribution
Percent of People with Each Score
Percentile by Number Answered
Your Score History
You have not taken this quiz since the last reset